000 00314nam a2200097Ia 4500
082 _aJ 362.296 MEIN
245 0 _aCash crop to cash cow : the history of tobacco and smoking in America
100 _a Meinking, Mary Philadelphia, 2009
_999444
942 _cBK
008 210817s9999 xx 000 0 und d
999 _c422263
_d422262